Szczegóły MARC21

Prawo cywilne : część ogólna /

003 -Nazwa inst., której nr kontr. jest w polu 001 [,]
    • @
    • Nazwa instytucji, której n kontrolny jest w polu 001
    • NUKAT
005 -DATA I CZAS OSTATNIEJ MODYFIKACJI [,]
    • @
    • pole kontrolne
    • 20241231092254.0
020 -Międzynarod. znormalizowany nr książki - ISBN [ , ]
    • a
    • Numer ISBN
    • 9788360550069 Find
040 -Instytucja sporządzająca opis [ , ]
    • a
    • Instytucja, która sporządziła opis (NP)
    • WR U/PAd
    • c
    • Instytucja, która sporządziła rekord (NP)
    • WR U/ml
    • d
    • Instytucja, która zmodyfikowała rekord (P)
    • WR U/jm
    • d
    • Instytucja, która zmodyfikowała rekord (P)
    • WR U/HSs
942 -Rodzaj dokumentu [ , ]
    • c
    • Rodzaj dokumentu
    • Książka
100 -Hasło główne - nazwa osobowa [1, ]
    • a
    • Nazwa osobowa (NP)
    • Ziemianin, Bronisław
    • d
    • Daty biograficzne (NP)
    • (1935-2019).
    • 9
    • KHW
    • 40268
245 -Strefa tytułu i oznaczenia odpowiedzialności [1,0]
    • a
    • Tytuł
    • Prawo cywilne : Find
    • b
    • Ciąg dalszy tytułu (NP)
    • część ogólna / Find
    • c
    • Pozostałe elementy strefy tytułu i oznaczenia odpowiedzialności (NP)
    • Bronisław Ziemianin, Zbigniew Kuniewicz.
260 -Strefa adresu wydawniczego [ , ]
    • a
    • Miejsce wydania (P)
    • Poznań :
    • b
    • Nazwa wydawcy (P)
    • "Ars boni et eaqui" Przedsiębiorstwo Wydawnicze-Michał Rozwadowski,
    • c
    • Data wydania (P)
    • 2007.
300 -Strefa opisu fizycznego [ , ]
    • a
    • Określenie formy książki i/lub objętość (NP)
    • 305 s. ;
    • c
    • Format (NP)
    • 21 cm.
336 -Typ zawartości [ , ]
    • a
    • Termin opisujący typ zawartości
    • Tekst
    • b
    • Kod określający zawartość
    • txt
    • 2
    • Źródło (terminu i kodu)
    • rdacontent
337 -Typ mediów [ , ]
    • a
    • Tryb odtwarzania
    • Bez urządzenia pośredniczącego
    • b
    • Kod typu mediów
    • n
    • 2
    • Źródło (terminu i kodu)
    • rdamedia
338 -Typ/rodzaj nośnika [ , ]
    • a
    • Hasło opisujące typ nośnika
    • Wolumin
    • b
    • Kod typu nośnika
    • nc
    • 2
    • Źródło (terminu i kodu)
    • rdacarrier
500 -Uwaga ogólna [ , ]
    • a
    • Uwaga ogólna (NP)
    • Podręcznik uwzględnia stan prawny na koniec grudnia 2006 r.
500 -Uwaga ogólna [ , ]
    • a
    • Uwaga ogólna (NP)
    • Na s. red. oznaczono: Wyd. 1, we wstępie - wyd. 3 zm. i popr.
504 -Uwaga dot. bibliogr. załącznikowej [ , ]
    • a
    • Uwaga dot. bibliografii załącznikowej
    • Bibliogr. s. 289-298 oraz przy rozdz. Indeks.
521 -Uwaga dot. przeznaczenia czytelniczego [8, ]
    • a
    • Uwaga dot. przeznaczenia czytelniczego
    • Podręcznik przeznaczony dla studentów prawa a także studentów administracji i ekonomii oraz prawników praktyków.
080 -Uniwersalna Klasyfikacja Dziesiętna [ , ]
    • 2
    • Identyfikator wydania tablic
    • UDC-P022
    • a
    • Symbol klasyfikacji
    • 347
    • b
    • Dopowiedzenie
    • Prawo cywilne.
    • x
    • Poddział wspólny
    • (075.8)
    • b
    • Dopowiedzenie
    • (Podręczniki dla szkół wyższych. Skrypty)
650 -Hasło przedmiotowe [ ,7]
    • a
    • Hasło przedmiotowe
    • Prawo cywilne
    • z
    • Określnik geograficzny
    • Polska
    • v
    • Określnik formalny
    • podręczniki akademickie.
    • 2
    • Źródło terminu
    • kaba
    • 9
    • KHW
    • 360316
980 -Symbol UKD [ , ]
    • a
    • UKD
    • 347(075.8)
700 -Hasło dodatkowe - nazwa osobowa [1, ]
    • a
    • Nazwa osobowa (NP)
    • Kuniewicz, Zbigniew. Find
    • 9
    • KHW
    • 404045
710 -Hasło dodatkowe - nazwa ciała zbiorowego [2, ]
    • a
    • Nazwa ciała zbiorowego lub nazwa geograficzna jako pierwszy element (NP)
    • Przedsiębiorstwo Wydawnicze "Ars boni et aequi".
    • 4
    • Kod relacji
    • pbl
    • 9
    • KHW
    • 56085
920 -ISBN [ , ]
    • a
    • ISBN
    • 978-83-60550-06-9 Find
Data inwentaryzacji Sygnatura Lokalizacja Numer inwentarzowy Uwagi nie widoczne w OPAC Status udost.
2009-10-21 BGWM.10411 -5
2009-10-21 BGWM.10412 -5
2009-10-21 BGWM.10413 -5
2009-10-21 BGWM.10414 -5
2009-10-21 BGWM.10415 -5
2009-10-21 BGWM.10416 -5
2009-10-21 BGWM.10417 -5
2009-10-21 BGWM.10418 -5
2009-10-21 BGWM.10419 2
2009-10-21 BGWM.10420 -5
2007-05-29SA.15118BSASA.15118 -3
2009-12-18SAM.87BSASAM.87 -3
2009-12-18SAM.91BSASAM.91 -3
2009-12-18SAM.95BSASAM.95 -3
2009-12-18SAM.92BSASAM.92Książka zniszczona, sklejana-3
2007-05-29SA.15119BSASA.15119 1
2009-12-18SAM.94BSASAM.94 -3
2009-12-18SAM.88BSASAM.88 -3
2009-12-18SAM.90BSASAM.90 -3
2009-12-18SAM.89BSASAM.89 -3
2009-12-18SAM.93BSASAM.93 -3
2013-10-28SAM.1144BSASAM.1144 -3
2013-10-28SAM.1145BSASAM.1145 -3
2009-12-18SAM.86BSASAM.86 -3
2018-02-15T.20088TT.20088 -2